000 00209nam a2200085Ia 4500
008 250605s9999 xx 000 0 und d
041 _aeng
100 _aShambhavi Singh
245 _aAditya Birla Sunlife Insurance
999 _c44912
_d44912